000 00381nam a2200157Ia 4500
003 OSt
005 20240120102834.0
008 170523s9999 xx 000 0 und d
020 _a 9788175441897
040 _ciimt university meerut
100 _aBASANDRA- SK
245 0 _aMANAGEMENT INFORMATION SYSTEM
260 _bDELHI WHEELERS PUBLICATION
260 _c1998
942 _2ddc
_c02
999 _c32
_d32